MARC details
| 000 -LEADER |
| fixed length control field |
01904cam a2200385 i 4500 |
| 001 - CONTROL NUMBER |
| control field |
20618936 |
| 003 - CONTROL NUMBER IDENTIFIER |
| control field |
CSPC |
| 005 - DATE AND TIME OF LATEST TRANSACTION |
| control field |
20250210163140.0 |
| 008 - FIXED-LENGTH DATA ELEMENTS--GENERAL INFORMATION |
| fixed length control field |
180806s2018 nyu 000 0 eng |
| 010 ## - LIBRARY OF CONGRESS CONTROL NUMBER |
| LC control number |
2018954211 |
| 020 ## - INTERNATIONAL STANDARD BOOK NUMBER |
| International Standard Book Number |
9781338263893 |
| 040 ## - CATALOGING SOURCE |
| Original cataloging agency |
DLC |
| Language of cataloging |
eng |
| Description conventions |
rda |
| Transcribing agency |
DLC |
| Modifying agency |
CSPC |
| 042 ## - AUTHENTICATION CODE |
| Authentication code |
pcc |
| 050 00 - LIBRARY OF CONGRESS CALL NUMBER |
| Classification number |
PN1997.2 |
| Item number |
.F36248 2018 |
| 100 1# - MAIN ENTRY--PERSONAL NAME |
| Personal name |
Rowling, J. K., |
| Relator term |
author. |
| 245 10 - TITLE STATEMENT |
| Title |
Fantastic beasts : |
| Name of part/section of a work |
the crimes of Grindelwald : the original screenplay / |
| Statement of responsibility, etc. |
J.K. Rowling ; illustrations and design by Minalima. |
| 246 3# - VARYING FORM OF TITLE |
| Title proper/short title |
Crimes of Grindelwald |
| 264 #1 - PRODUCTION, PUBLICATION, DISTRIBUTION, MANUFACTURE, AND COPYRIGHT NOTICE |
| Place of production, publication, distribution, manufacture |
New York : |
| Name of producer, publisher, distributor, manufacturer |
Arthur A. Levine Books, |
| Date of production, publication, distribution, manufacture, or copyright notice |
2018. |
| 300 ## - PHYSICAL DESCRIPTION |
| Extent |
x, 287 pages ; |
| Dimensions |
22 cm. |
| 336 ## - CONTENT TYPE |
| Content type term |
text |
| Content type code |
txt |
| Source |
rdacontent |
| 337 ## - MEDIA TYPE |
| Media type term |
unmediated |
| Media type code |
n |
| Source |
rdamedia |
| 338 ## - CARRIER TYPE |
| Carrier type term |
volume |
| Carrier type code |
nc |
| Source |
rdacarrier |
| 505 0# - FORMATTED CONTENTS NOTE |
| Formatted contents note |
Fantastic beasts: the crimes of Grindelwald the original screenplay -- Glossary of film terms -- Cast & Crew -- About the author -- About the book design. |
| 520 ## - SUMMARY, ETC. |
| Summary, etc. |
This screenplay in book form describes the dialogue and action of the film. After Newt Scamander helps to capture Gellert Grindelwald, the criminal soon escapes custody and begins gathering followers under his ideology of keeping magic for pure-blood wizards only. Albus Dumbledore, Grindelwald's truest friend, has no choice but to resist the charismatic leader and ask Newt to help thwart the plans for (wizarding) world domination. |
| 650 #4 - SUBJECT ADDED ENTRY--TOPICAL TERM |
| Topical term or geographic name entry element |
Wizards |
| General subdivision |
Fiction. |
| 650 #4 - SUBJECT ADDED ENTRY--TOPICAL TERM |
| Topical term or geographic name entry element |
Animals, Mythical |
| General subdivision |
Fiction. |
| 650 #4 - SUBJECT ADDED ENTRY--TOPICAL TERM |
| Topical term or geographic name entry element |
Monsters |
| General subdivision |
Fiction. |
| 650 #4 - SUBJECT ADDED ENTRY--TOPICAL TERM |
| Topical term or geographic name entry element |
Magic |
| General subdivision |
Fiction |
| 700 1# - ADDED ENTRY--PERSONAL NAME |
| Personal name |
Minalima, |
| Relator term |
illustrator. |
| 730 0# - ADDED ENTRY--UNIFORM TITLE |
| Uniform title |
Fantastic beasts. |
| Name of part/section of a work |
The crimes of Grindelwald (Motion picture) |
| 906 ## - LOCAL DATA ELEMENT F, LDF (RLIN) |
| a |
7 |
| b |
cbc |
| c |
orignew |
| d |
2 |
| e |
epcn |
| f |
20 |
| g |
y-gencatlg |
| 942 ## - ADDED ENTRY ELEMENTS (KOHA) |
| Source of classification or shelving scheme |
Dewey Decimal Classification |
| Koha item type |
Books |
| Classification part |
791.437 |
| Item part |
R797f |
| Call number prefix |
FIC |
| Call number suffix |
2018 |
| Suppress in OPAC |
No |